| 000 | 00564nam a2200193Ia 4500 | ||
|---|---|---|---|
| 003 | SGT | ||
| 020 | _a9788131720479 | ||
| 082 |
_a511.35 _bHOP |
||
| 100 | _aHopcroft,John E | ||
| 245 | _aIntroduction to automate theory languages and computation | ||
| 250 | _a3rd Ed. | ||
| 260 |
_bPearson _aN.Delhi _c2007 |
||
| 300 | _a487p. | ||
| 650 | _aMATHEMATICS | ||
| 653 | _aTHE METHODS AND THE MADNESS,FINITE AUTOMATE,REGULAR EXPRESSIONS AND LANGUAGES,PROPERTIES OF REGULAR LANGUAGES | ||
| 700 | _aMotwani,Rajeev | ||
| 700 | _aUllman,Jeffery D | ||
| 942 |
_2ddc _cBK _02 |
||
| 999 |
_c5340 _d5340 |
||